000 00699nam a2200229 a 4500
001 BRCA_4807
005 20190320204821.0
008 020913s2002 sp-######b---#000-0#spa-#
020 _a8488333625
041 _aspa
044 _asp
050 4 _aPQ6351
_b.D66 2002
100 1 _aDomínguez Caparrós, José
_912181
245 1 0 _aMétrica de Cervantes
_cJosé Domínguez Caparrós.
260 _aEspaña
_bCentro de Estudios Cervantinos
_c2002
300 _a167 p.
_c22 cm.
440 0 _aBiblioteca de Estudios Cervantinos
_v10
_912182
504 _aBibliografía: p. [163]-167
600 1 4 _aCervantes Saavedra, Miguel de
_d1547-1616
_xObras poéticas
_912183
902 _aCERV
942 _2lcc
_cB
999 _c4504
_d4504